[Event "EU-ch U16 Girls 28th"]
[Site "Riga"]
[Date "2018.08.22"]
[Round "3"]
[White "Munte, Noa"]
[Black "Martinez, Anna"]
[Result "1/2-1/2"]
[WhiteElo "1650"]
[BlackElo "1881"]
[PlyCount "63"]
[EventDate "2018.08.20"]
[EventType "swiss"]
[EventRounds "9"]
[EventCountry "LAT"]
[SourceTitle "CBM 186 Extra"]
[Source "ChessBase"]
[SourceDate "2018.08.24"]
[SourceVersion "1"]
[SourceVersionDate "2018.08.24"]
[SourceQuality "1"]

1. d4 Nf6 2. c4 e6 3. Nc3 Be7 4. Nf3 d5 5. cxd5 exd5 6. Bg5 c6 7. e3 Bf5 8. Bd3 Bxd3 9. Qxd3 0-0 10. 0-0 Nbd7 11. a3 a5 12. Rac1 Ne4 13. Bxe7 Qxe7 14. Qc2 f5 15. Na4 f4 16. exf4 Rxf4 17. Rce1 Qf6 18. Nc3 Qg6 19. Ne5 Nxe5 20. dxe5 Raf8 21. Nxe4 Rxe4 22. Rxe4 dxe4 23. Qb3+ Rf7 24. Rd1 h6 25. Rd7 e3 26. fxe3 Qb1+ 27. Rd1 Qf5 28. Rd8+ Kh7 29. Qd3 Qxd3 30. Rxd3 Re7 31. Rb3 b5 32. Rc3 1/2-1/2

[Event "EU-ch U14 Girls 26th"]
[Site "Prague"]
[Date "2016.08.22"]
[Round "5"]
[White "Simkunaite, Gabija"]
[Black "Munte, Noa"]
[Result "1-0"]
[WhiteElo "1629"]
[BlackElo "1529"]
[PlyCount "63"]
[EventDate "2016.08.18"]
[EventType "swiss"]
[EventRounds "9"]
[EventCountry "CZE"]
[SourceTitle "CBM 174 Extra"]
[Source "ChessBase"]
[SourceDate "2016.10.10"]
[SourceVersion "1"]
[SourceVersionDate "2016.10.10"]
[SourceQuality "1"]

1. e4 c5 2. c3 Nf6 3. e5 Nd5 4. d4 cxd4 5. Nf3 e6 6. cxd4 b6 7. Nc3 Bb7 8. a3 Be7 9. Bd3 Nxc3 10. bxc3 Qc7 11. Bb2 Nc6 12. 0-0 Na5 13. Nd2 Bd5 14. Qg4 g6 15. c4 Bb7 16. Rac1 f5 17. exf6 Bxf6 18. Rfe1 Kf7 19. Be4 Rae8 20. Bxb7 Nxb7 21. Ne4 Bg7 22. c5 Rhf8 23. c6 Nd8 24. a4 Kg8 25. cxd7 Qxd7 26. Ba3 Rf5 27. Nd6 Qxa4 28. Nxe8 Qxe8 29. Rc8 Qd7 30. Rec1 Bxd4 31. R8c2 Qf7 32. Qxd4 1-0

[Event "EU-ch U14 Girls 26th"]
[Site "Prague"]
[Date "2016.08.21"]
[Round "4"]
[White "Munte, Noa"]
[Black "Hrysogelou, Athanasia Panagiota"]
[Result "1/2-1/2"]
[WhiteElo "1529"]
[BlackElo "1695"]
[PlyCount "110"]
[EventDate "2016.08.18"]
[EventType "swiss"]
[EventRounds "9"]
[EventCountry "CZE"]
[SourceTitle "CBM 174 Extra"]
[Source "ChessBase"]
[SourceDate "2016.10.10"]
[SourceVersion "1"]
[SourceVersionDate "2016.10.10"]
[SourceQuality "1"]

1. d4 Nf6 2. Nf3 e6 3. c4 b6 4. a3 Ba6 5. Qb3 c5 6. d5 exd5 7. cxd5 Be7 8. Nc3 0-0 9. g3 d6 10. Bg2 Re8 11. 0-0 Nbd7 12. a4 Bf8 13. Re1 Rc8 14. Nd2 Rb8 15. Nb5 Bxb5 16. axb5 Qc7 17. f4 Rec8 18. Nc4 Re8 19. Qd3 Rbd8 20. Bd2 Nb8 21. Ra2 Qb7 22. Rea1 Qe7 23. Bf3 Rd7 24. Bc1 Ne4 25. Bxe4 Qxe4 26. Qxe4 Rxe4 27. b3 Ree7 28. Kf2 g6 29. Bb2 Bg7 30. Bxg7 Kxg7 31. e4 f6 32. Kf3 Rf7 33. h4 h6 34. Kg2 Rfe7 35. Kf3 Rf7 36. g4 Rfe7 37. g5 hxg5 38. hxg5 fxg5 39. fxg5 Kh8 40. Rh1+ Rh7 41. Rxh7+ Kxh7 42. Kg4 Kg7 43. Rg2 a6 44. Nxb6 Re7 45. bxa6 Nxa6 46. Re2 Nb4 47. Kf3 Nd3 48. Nc4 Rd7 49. Re3 Nb4 50. Kg4 Nc2 51. Rf3 Nd4 52. Rf6 Nb5 53. Kf3 Nd4+ 54. Ke3 Nb5 55. Kd3 Rd8 1/2-1/2

[Event "ISR-chT 1415 (Women)"]
[Site "Beersheba"]
[Date "2015.06.11"]
[Round "1.3"]
[White "Munte, Noa"]
[Black "Vuller, Annastasia"]
[Result "1/2-1/2"]
[WhiteElo "1193"]
[BlackElo "1679"]
[PlyCount "93"]
[EventDate "2015.06.11"]
[EventType "team-tourn"]
[EventRounds "5"]
[EventCountry "ISR"]
[SourceTitle "EXT 2016"]
[Source "ChessBase"]
[SourceDate "2015.10.08"]
[SourceVersion "1"]
[SourceVersionDate "2015.10.08"]
[SourceQuality "1"]
[WhiteTeam "Ramat Gan (W)"]
[BlackTeam "Ashdod (W)"]
[WhiteTeamCountry "ISR"]
[BlackTeamCountry "ISR"]

1. d4 Nf6 2. c4 g6 3. Nc3 d5 4. e3 Bg7 5. cxd5 Nxd5 6. Nxd5 Qxd5 7. Ne2 0-0 8. Nc3 Qd8 9. Bd3 c5 10. dxc5 Qa5 11. Bd2 Qxc5 12. 0-0 Nc6 13. a3 Ne5 14. Bc2 Rd8 15. Qc1 Nc4 16. Ne4 Qb6 17. Bc3 Bxc3 18. Nxc3 Qf6 19. Be4 Ne5 20. Qc2 Qh4 21. Rad1 Be6 22. Bxb7 Rxd1 23. Rxd1 Rb8 24. Rd4 Qh6 25. Bd5 Bf5 26. Be4 Be6 27. Nd5 Qf8 28. h3 f6 29. b4 Rc8 30. Qb2 f5 31. Bf3 Nxf3+ 32. gxf3 Qg7 33. Qd2 Bxd5 34. Rxd5 Qa1+ 35. Kh2 Qxa3 36. Ra5 Qb3 37. Rxa7 Qe6 38. Rd7 Kf7 39. Qd5 Qxd5 40. Rxd5 Rb8 41. Rd4 Rb7 42. Kg3 e5 43. Rc4 Ke6 44. f4 e4 45. Kh4 h6 46. Kg3 Kd6 47. Rd4+ 1/2-1/2